00768nam a2200217 i 4500001000400000245009500004250001700099260005300116300003200169504002900201505002000230650004700250655003200297700002400329700002100353020002100374040000800395041000800403008004100411856009800452bgj00aThe Communicative Approach to Language Teaching /cedited by C. J. Brumfit and K. Johnson. a[7th impr.]. aOxford [etc.] :bOxford University Press,c1991. aX, 243 pp :bfig. ;c22 cm. aBibliography p. 227-238. aIncludes index. 9aLanguage and languagesxStudy and teaching aAddresses, essays, lectures1 aBRUMFIT, C. J.eed.1 aJOHNSON, K.eed. a019437078X (pbk) cBPK0 aeng s uk f |000 0 eng  uhttp://koha.tu.koszalin.pl/cgi-bin/koha/opac-detail.pl?biblionumber=48084yKatalog online BPK